000 01924nam a22002894a 4500
001 UTEA
005 20251007122509.0
006 g||||gr||||||01 nz
007 ta
008 251007b es ||||| |||| 00| 0 spa d
020 _a9786078365012
020 _a9786078365029
040 _aUTEA
041 _aspa
082 _a617.645
_bM26 2015
100 _aMartinez Menéndez, Ramiro
_eDirector
245 _aOdontología pediátrica actual /
_cRamiro Martinez Menéndez
_h[texto Impreso]
250 _a1ra. edición;
_bT- 1 y 2
260 _aEspaña
_bEditorial Master Bookks, S.A. de CV
_c2015
300 _a400 páginas
_c19 x 26 cm.
505 _aTOMO 1: Desarrollo de la detención -- detención temporal -- desarrollo y embriología dental -- odontología para bebés Diagnóstico en el paciente odontopediátrico -- Traumatismo dentarios -- Epidemiología de los traumatismos dentales -- Gestión traumática de un incisivo superior extruido: reporte de un caso -- traumatismo clasificación de lesiones -- complejo pulpodentinario -- manejo de conducta en odontopediatría -- Factores intrasubjetivos que influyen en el comportamiento -- manejo del comportamiento -- TOMO 2: prevención -- selladores de fosetas y fisuras -- Higiene bucal -- Cariología -- Etiología de la caries dental -- Importancia de la prevención de la caries -- Anestesia local -- Fracasos y complicaciones de la anestesia local -- Restauraciones en odontopediatria -- Materiales dentales utilizados en odontopediatrìa -- Alteraciones en el desarrollo dentario -- Terapia pulpar en odontopediatría
650 _aODONTOLOGÍA PEDIATRICA
_959678
650 _aTRAUMATISMO
_9469
650 _aANESTESIA LOCAL
_959679
700 _aFigueroa Espitia, Yuirtzi; Enriquez Sanders, Gisela; Vera Serna, Dora Liz y Hernàndez Ramirez, Blanca Estela
_eAutores de texto
_959680
942 _2ddc
_cBK
_e2025-10-07
_zMag. Cecilio Flores Noa
999 _c17436
_d17436